000 01230nam a2200253 a 4500
001 000046804
003 DO-SdBNP
005 20230215095022.0
007 ta
008 180327s2015 dr 000 0 spa d
040 _aDO-SdBNP
_bspa
_cBNPHU
082 4 _a343.034
_bR426L, 2015
_222
110 1 _aRepública Dominicana [Leyes, etc.]
_911088
245 1 0 _aLey de presupuesto general del Estado 2015 :
_bno. 527-14
260 _aSanto Domingo :
_bMinisterio de Hacienda,
_c2015.
300 _av. ;
_c28 cm.
505 2 _av.1. Primera parte --
_tLey de presupuesto general del Estado 2015 --
_tInforme explicativo y política presupuestaría 2015 --
_gSegunda parte --
_tAnexos de la ley --
_gTercera parte --
_tDistribución institucional de los gastos apropiados --
_tPoder Legislativo --
_tPoder Ejecutivo --
_tPoder Judicial --
_tOrganisms especiales --
_tCatergorías institucionales --
590 _aInventariado, 2018 /VM
650 4 _aPresupuesto
_xLegislación
_zRepública Dominicana
_97940
_y2015
650 4 _aHacienda pública
_xLegislación
_zRepública Dominicana
_96562
_y2015
650 4 _aGastos públicos
_xLegislación
_zRepública Dominicana
_y2015
_983120
910 _aValidado. Control de calidad MFF
942 _2ddc
_cLBS1
999 _c46293
_d46293